John Henry Newman
Guardat en:
| Autor principal: | |
|---|---|
| Format: | Llibre |
| Idioma: | anglès |
| Publicat: |
Bloomsbury Academic
2007
|
| Etiquetes: |
Afegir etiqueta
Sense etiquetes, Sigues el primer a etiquetar aquest registre!
|
MARC
| LEADER | 00000nam a22000007a 4500 | ||
|---|---|---|---|
| 008 | 230731b |||||||| |||| 00| 0 eng d | ||
| 020 | |a 9781492504814 | ||
| 100 | |a ARTHUR, James |a Nicholas, Guy | ||
| 245 | |a John Henry Newman |c James Arthur and Guy Nicholas |g xi, 234p | ||
| 260 | |b Bloomsbury Academic |c 2007 |h London |i 700118 |i 700119 |l LB675.N45Ar7 |m Newman, John Henry, 1801-1890 |m Educators- England- Biography |m Cardinals- England- Biography |m Education- Philosophy |m Religious education- Philosophy | ||
| 500 | |a cl | ||
| 942 | |a lcc |c BK |e Johnson |f 31/07/23 | ||
| 952 | |0 0 |1 0 |2 lcc |4 0 |6 LB0675 N45 A R7 |7 0 |9 4325 |a ED |b HOL |c LP |d 2023-07-31 |l 0 |o LB675.N45Ar7 |p 2023-0251 |r 2023-07-31 00:00:00 |t 700118 |w 2023-07-31 |y BK | ||
| 952 | |0 0 |1 0 |2 lcc |4 0 |6 LB0675 N45 A R7 |7 0 |9 4326 |a HOL |b HOL |c LP |d 2023-07-31 |l 0 |o LB675.N45Ar7 |p 2023-0252 |r 2023-07-31 00:00:00 |t 700119 |w 2023-07-31 |y BK | ||
| 999 | |c 2173 |d 2173 | ||